| Tag |
First Indicator |
Second Indicator |
Subfields |
| LEADER |
00000cam a2200000 a 4500 |
| 001 |
in00000049901 |
| 005 |
20151007075901.0 |
| 008 |
781030s1978 mnua j 00011 engm |
| 010 |
|
|
|a 78053640
|
| 020 |
|
|
|a 0876140932
|
| 035 |
|
|
|a (OCoLC)04298947
|
| 035 |
|
|
|9 AAF3946AM
|
| 040 |
|
|
|a DLC
|c DLC
|d TXA
|d UtOrBLW
|
| 043 |
|
|
|a n-us---
|
| 049 |
|
|
|a [Curr Col] TXAM
|c [1362431]
|
| 050 |
0 |
0 |
|a PZ7 N69
|b My 1978
|
| 082 |
0 |
|
|a [E]
|
| 100 |
1 |
|
|a Nolan, Madeena Spray.
|
| 245 |
1 |
0 |
|a My daddy don't go to work /
|c Madeena Spray Nolan ; illustrations by Jim LaMarche.
|
| 264 |
|
1 |
|a Minneapolis :
|b Carolrhoda Books,
|c [1978]
|
| 264 |
|
4 |
|c ©1978
|
| 300 |
|
|
|a 32 unnumbered pages :
|b illustrations ;
|c 20 cm.
|
| 336 |
|
|
|a text
|b txt
|2 rdacontent
|
| 337 |
|
|
|a unmediated
|b n
|2 rdamedia
|
| 338 |
|
|
|a volume
|b nc
|2 rdacarrier
|
| 520 |
|
|
|a A family is troubled by Daddy's unemployment.
|
| 650 |
|
1 |
|a Family life
|x Fiction.
|
| 650 |
|
1 |
|a Unemployed
|x Fiction.
|
| 700 |
1 |
|
|a LaMarche, Jim.
|
| 999 |
|
|
|a MARS
|
| 999 |
f |
f |
|s 9a24a8a9-c0c7-3bb0-a2cd-0bcef4c95b82
|i f2886f5a-d5e8-3778-a8ba-57767fdb0ba8
|t 0
|
| 952 |
f |
f |
|p normal
|a Texas A&M University
|b College Station
|c Sterling C. Evans Library
|d Evans: Curriculum Collection (4th floor)
|t 0
|e PZ7 N69 My 1978
|h Library of Congress classification
|i unmediated -- volume
|m A14805939675
|
| 998 |
f |
f |
|a PZ7 N69 My 1978
|t 0
|l Evans: Curriculum Collection (4th floor)
|